000 00658nam a2200181Ia 4500
008 151202s9999||||xx |||||||||||||| ||und||
082 _bPNVM-48527
100 _aमहाले रमेश.
245 _aसाप आणि माशांची दुनिया.
260 _b"श्रीसमर्थ साई वितरण,पुणे."
260 _c1996
300 _a48
600 _aमहाले रमेश.
630 _aसाप आणि माशांची दुनिया.
700 _aमहाले रमेश.
730 _aसाप आणि माशांची दुनिया.
942 _cBOOK
999 _c1314473
_d1314470